|
|
|
|
| LEADER |
00000nab a2200000 a 4500 |
| 001 |
vtls008844067 |
| 003 |
SK-MaSNL |
| 005 |
20260303063143.0 |
| 008 |
140328c2006 xo zr|p|||||||000 b|slo |
| 015 |
|
|
|a SNBRB2006/09
|2 snkbucl
|
| 038 |
|
|
|a SNKBUCL
|
| 040 |
|
|
|a SNKBUCL
|b slo
|c SNKBUCL
|e AACR2
|
| 041 |
0 |
|
|a slo
|
| 044 |
|
|
|a xo
|c SK
|
| 080 |
|
|
|a 69-051
|2 2001
|
| 080 |
|
|
|a 691:061.5
|x (437.6)
|2 2001
|
| 080 |
|
|
|a 666.94:061.5
|x (437.6)
|2 2001
|
| 100 |
1 |
|
|a Petránsky, Ľudovít,
|d 1943-2021
|4 ivr
|4 aut
|9 92780
|
| 245 |
1 |
0 |
|a Roland van Wijnen: Pevnosť, výkonnosť, nadšenie
|c Ľudo Petránsky
|
| 300 |
|
|
|b Fotogr.
|
| 500 |
|
|
|a Biogr. údaje
|
| 600 |
1 |
7 |
|a Wijnen, Roland van
|d 1971-
|2 snkbucl
|9 1059953
|
| 610 |
2 |
7 |
|a Holcim (Slovensko)
|2 snkbucl
|9 858316
|
| 700 |
1 |
|
|a Wijnen, Roland van
|d 1971-
|4 ive
|9 1059953
|
| 773 |
0 |
|
|t ASB
|g Roč. XIII, č. 9 (2006), s. 102-104
|x 1335-1230
|
| 852 |
|
|
|a SNK
|b KIS3GCP
|
| 958 |
|
|
|a NL
|
| 999 |
|
|
|c 1741940
|d 1743870
|